| 000 | 00673nam a2200145Ia 4500 | ||
|---|---|---|---|
| 008 | 171212s9999 xx 000 0 und d | ||
| 020 | _a9781925022704 | ||
| 100 | _aSila, Muhammad Adlin | ||
| 245 |
_cSila, Muhammad Adlin _aMaudu’ _bA Way of Union with God |
||
| 260 |
_bANU E Press _c2015 |
||
| 440 | _aIslam in Southeast Asia | ||
| 650 | _aMuslims -- Indonesia -- Sulawesi Selatan; Group identity -- Indonesia -- Sulawesi Selatan; Ethnic groups -- Indonesia -- Sulawesi Selatan; Islam -- Indonesia -- Sulawesi Selatan; Sulawesi Selatan (Indonesia) -- History; Sulawesi Selatan (Indonesia) -- Civ | ||
| 650 | _aReligion | ||
| 856 | _uhttp://jstor.org/stable/j.ctt19893ms | ||
| 999 |
_c351204 _d351204 |
||